000 01431cam a2200301 a 4500
001 15725640
003 NUST
005 20230818112836.0
008 090505s2009 njua 001 0 eng
010 _a 2009018924
015 _aGBA951285
_2bnb
016 7 _a015265283
_2Uk
020 _c9780137158003 (pbk. : alk. paper)
020 _c0137158009 (pbk. : alk. paper)
035 _a(OCoLC)ocn316017603
040 _a0
082 0 0 _a005.8,HAL
100 1 _aHaletky, Edward.
_995192
245 1 0 _aVMware vSphere and virtual infrastructure security :
_bsecuring the virtual environment /
_cEdward L. Haletky.
260 _aUpper Saddle River, NJ. :
_bPrentice Hall,
_cc2009.
300 _axxx, 521 p. :
_bill. ;
_c24 cm.
505 _aWhat is a Security Threat? (Page-1), Holistic View from the Bottom Up (Page-15), Understanding VMware vSphere and Virtual Infrastructure Security (Page-59), Storage and Security (Page-117),Deployment and Management (Page-147), Operations and Security (Page-199), Virtual Machines and Security (Page-219), Virtual Networking Security (Page-255),Virtual Desktop Security (Page-315), Security and VMware ESX (Page-343),Digital Forensic and Data Recovery (Page-397).
630 0 0 _aVMware vSphere.
_995193
650 0 _aVirtual computer systems
_xSecurity measures.
_995194
650 0 _aCloud computing
_xSecurity measures.
_995195
650 0 _aComputer security.
_9570
942 _2ddc
_cREF
999 _c590641
_d590641